Catálogo
 En Linea

Martí y su concepcion del mundo / (Registro nro. 6768)

Detalles MARC
000 -CABECERA
campo de control de longitud fija 00571cam a22001691a 4500
001 - NÚMERO DE CONTROL
campo de control 000006984
005 - FECHA Y HORA DE LA ÚLTIMA TRANSACCIÓN
campo de control 20200929154034.0
008 - DATOS DE LONGITUD FIJA--INFORMACIÓN GENERAL
campo de control de longitud fija 750422s1971 pr ac b 000 0 spa
040 ## - FUENTE DE LA CATALOGACIÓN
Centro catalogador/agencia de origen DO-SdBNP
Lengua de catalogación spa
Centro/agencia transcriptor BNPHU
090 ## - LOCALMENTE ASIGNADO TIPO-LC NÚMERO DE CLASIFICACIÓN (OCLC); NÚMERO DE CLASIFICACIÓN LOCAL (RLIN)
Número de clasificación (OCLC) (R) ; Numero de clasificación, CALL (RLIN) (NR) xxxx
Número cutter local (OCLC) ; Número de libro/Signatura topográfica íntegra, CALL (RLIN) A277M
100 1# - ENTRADA PRINCIPAL--NOMBRE DE PERSONA
Nombre de persona Agramonte, Roberto D.,
Fechas asociadas al nombre 1904-
9 (RLIN) 19421
245 10 - MENCIÓN DE TÍTULO
Título Martí y su concepcion del mundo /
Mención de responsabilidad, etc. Roberto D. Agramonte.
260 ## - PUBLICACIÓN, DISTRIBUCIÓN, ETC.
Lugar de publicación, distribución, etc. Puerto Rico :
Nombre del editor, distribuidor, etc. Universitaria,
Fecha de publicación, distribución, etc. 1971.
300 ## - DESCRIPCIÓN FÍSICA
Extensión 815 p. :
Otras características físicas retr. ;
Dimensiones 24 cm.
500 ## - NOTA GENERAL
Nota general Incluye índice onomástico
504 ## - NOTA DE BIBLIOGRAFÍA, ETC.
Nota de bibliografía, etc. Incluye referencias bibliográficas y notas al pie de las páginas
Existencias
Estado de retiro Estado de pérdida Restricciones de uso No para préstamo Código de colección Localización permanente Ubicación/localización actual Ubicación en estantería Fecha de adquisición Número de inventario Total de préstamos Signatura topográfica completa Código de barras Fecha visto por última vez Precio válido a partir de Tipo de ítem Koha
    Préstamo interno   Monografías: Libros y Folletos General General En catalogación 03.09.2009 LF1   6984-10 25.06.2020 25.06.2020 Préstamo interno

Con tecnología Koha